000 00823nam a2200253Ia 4500
001 21621
005 20260320113259.0
008 260320s9999||||xx |||||||||||||| ||und||
020 _a8475773516
041 _aESP
082 _a658.4095
_bS735
100 _aSenge, Peter M.,
_eAUT
245 0 _a La quinta diciplina :
_bcomo impulsar el aprendizaje en la organización inteligente
246 _aThe fifth discipline
_5
_bGardini, Carlos
260 _aBarcelona :
_bEdiciones Granica,
_c2003
300 _a490 páginas :
_bilustraciones :
_c22 cm.
_e
440 _a
_n
_v
650 _aTCA
653 _aRelaciones interpersonales
654 _aCAN
700 _a
_c
856 _uhttps://ebooks7-24-com.ucsp.lookproxy.com/stage.aspx?il=&pg=&ed=
_zVéase además: Base de datos Ebook7-24
942 _cLIB
_dJUS
_fMIP
_2ddc
_n
999 _c21621
_d21621